000 01836cam a22003854i 4500
003 PE-LiUPU
005 20250731184109.0
008 150616s r 000 0 d
035 _a(Sirsi) a365
040 _aPE-LiUPU
_bspa
_cPE-LiUPU
_erda
049 _aPRUA
082 0 4 _a869.5603
_bB23
_221
100 1 _aBarrionuevo Sánchez, Alfonsina,
_d1938-,
_eautor.
245 1 0 _aHuchuysito, el pequeñito /
_cAlfonsina Barrionuevo Sánchez.
264 1 _aLima :
_bCONCYEC,
_c1989.
300 _a100 páginas :
_bilustraciones ;
_c21 cm
336 _atext
_2rdacontent
337 _aunmediated
_2rdamedia
338 _avolume
_2rdacarrier
505 0 _aLa sabiduría de los pueblos -- La familia de los vientos -- Las estrellas -- Para: la lluvia -- Los tres mundos -- Las sirenas -- El Ichik Ollqo -- El Uchuchullko -- El hombresito del platan -- La selva -- El wataq -- La quinua -- El arco iris -- La madre de las alpacas -- Martín maíz -- Las orquídeas -- Las aves que engañaron a Dios -- Vichama -- Qantuta -- Yuraq sara -- Mamaq el kuraka -- Amao -- El señor de Porkon -- Los qeles del Titiqaqa -- Los niños Dios de oropes -- Wiraqocha.
526 _aP145
526 _aP127
526 _aP97
526 _aP14
526 _aP07
650 0 4 _aCuentos infantiles peruanos
_ySiglo XX.
650 0 4 _aLiteratura infantil peruana.
910 _ajck
_bjvq
_cjck
942 _2ddc
_cBOOK
949 _a869.5603 B23
_wDEWEY
_c1
_i32668
_lCCODEBUL1
_mBUL
_p00.00
_r0
_sY
_tBOOK
_u19910701
_xEDUCACION
_PP20
_0COMPRA
_o.STAFF. Colección General
994 _aC0
_bPEPRU
596 _a1
999 _a869.5603 B23
_wDEWEY
_c44578
_i32668
_f2021-11-30
_g6
_lCCODEBUL1
_mBUL
_r0
_sY
_tBOOK
_u2015-6-16
_xBIBLIOTECA
_PP20
_0COMPRA
_o.STAFF. Colección General
_d44578
980 _81
_gALBERTO SANCHEZ Responsable de Automatización